Inchʻŏn kŭnhae tosŏ chibang ŭi sangyŏ sori : Inchʻŏn Kwangyŏksi Muhyŏng Munhwajae 16-ho /
Saved in:
| Main Author: | |
|---|---|
| Other Authors: | |
| Format: | Book |
| Language: | Korean |
| Published: |
Inchʻŏn Kwangyŏksi :
Minsogwŏn,
2008.
|
| Edition: | Chʻopʻan. |
| Subjects: | |
| Tags: |
Add Tag
No Tags, Be the first to tag this record!
|
| LEADER | 01374cam a2200361Ia 4500 | ||
|---|---|---|---|
| 001 | 012261663-4 | ||
| 005 | 20100714152349.0 | ||
| 008 | 090511s2008 ko acg b 000 0 kor | ||
| 010 | |a 2009359901 | ||
| 020 | |a 9788956387468 | ||
| 020 | |a 895638746X | ||
| 035 | 0 | |a ocn320730620 | |
| 040 | |a LNN |c LNN |d CNEAL |d HMY | ||
| 043 | |a a-ko--- | ||
| 050 | 4 | |a ML3752.8.I53 |b K56 2008 | |
| 100 | 1 | |6 880-01 |a Kim, Sun-je. | |
| 245 | 1 | 0 | |6 880-02 |a Inchʻŏn kŭnhae tosŏ chibang ŭi sangyŏ sori : |b Inchʻŏn Kwangyŏksi Muhyŏng Munhwajae 16-ho / |c [kŭl Kim Sun-je, sajin Chŏng Ye-ch'ae]. |
| 250 | |6 880-03 |a Chʻopʻan. | ||
| 260 | |6 880-04 |a Inchʻŏn Kwangyŏksi : |b Minsogwŏn, |c 2008. | ||
| 300 | |a 167 p. : |b col. ill., ports., music ; |c 23 cm. | ||
| 546 | |a Includes bibliographical references (p. 166-167). | ||
| 650 | 0 | |a Dirges |z Korea (South) |z Inch'ŏn. | |
| 650 | 0 | |a Funeral rites and ceremonies |z Korea (South) |z Inch'ŏn. | |
| 650 | 0 | |a Funeral music |z Korea (South) |z Inch'ŏn. | |
| 700 | 1 | |6 880-05 |a Chŏng, Ye-ch'ae. | |
| 880 | 1 | |6 100-01 |a 김순제. | |
| 880 | 1 | 0 | |6 245-02 |a 인천근해도서지방의상여소리 : |b 인천광역시무형문화재 16호 / |c [글김순제, 사진정예채]. |
| 880 | |6 250-03 |a 초판. | ||
| 880 | |6 260-04 |a 인천광역시 : |b 민속원, |c 2008. | ||
| 880 | 1 | |6 700-05 |a 정예채. | |
| 988 | |a 20100401 | ||
| 049 | |a HMYK |o d | ||
| 906 | |0 OCLC | ||


